| Tag |
First Indicator |
Second Indicator |
Subfields |
| LEADER |
00000cam a2200000 a 4500 |
| 001 |
in00000005265 |
| 007 |
he bmb024baca |
| 008 |
990805s1999 dcu bb f000 0 eng c |
| 005 |
20230331144324.9 |
| 035 |
|
|
|a (OCoLC)ocm42019309
|
| 035 |
|
|
|9 AJJ1767AM
|
| 035 |
|
|
|a in00000005265
|
| 037 |
|
|
|a 161806
|b GAO (202) 512-6000 (Voice); (202) 512-6061 (Fax)
|f paper copy
|
| 040 |
|
|
|a SEN
|c SEN
|d GPO
|d DLC
|d MvI
|d UtOrBLW
|
| 042 |
|
|
|a pcc
|
| 043 |
|
|
|a n-us---
|
| 049 |
|
|
|a UMIC
|
| 049 |
|
|
|a WWW
|
| 074 |
|
|
|a 0546-D-01 (MF)
|
| 074 |
|
|
|a 0546-D-01 (online)
|
| 086 |
0 |
|
|a GA 1.5/2:T-NSIAD-99-112
|
| 100 |
1 |
|
|a Hinton, Henry L.
|q (Henry Lee),
|d 1947-
|
| 245 |
1 |
0 |
|a Combating terrorism :
|b observations on biological terrorism and public health initiatives : statement of Henry L. Hinton, Jr., Assistant Comptroller General, National Security and International Affairs Division, before the Committee on Veterans' Affairs and the Subcommittee on Labor, Health and Human Services, Education and Related Agencies, Committee on Appropriations, U.S. Senate /
|c United States General Accounting Office.
|
| 246 |
3 |
0 |
|a Observations on biological terrorism and public health initiatives
|
| 264 |
|
1 |
|a Washington, D.C. (P.O. Box 37050, Washington, D.C. 20013) :
|b The Office,
|c [1999]
|
| 300 |
|
|
|a 12 pages ;
|c 28 cm.
|
| 336 |
|
|
|a text
|b txt
|2 rdacontent
|
| 337 |
|
|
|a microform
|b h
|2 rdamedia
|
| 338 |
|
|
|a microfiche
|b he
|2 rdacarrier
|
| 500 |
|
|
|a Cover title.
|
| 500 |
|
|
|a Shipping list number: 99-0700-M.
|
| 500 |
|
|
|a "For release ... March 16, 1999."
|
| 500 |
|
|
|a "March 16, 1999."
|
| 504 |
|
|
|a Includes bibliographical references (pages 10-12).
|
| 533 |
|
|
|a Microfiche.
|b [Washington, D.C.] :
|c Supt. of Docs., U.S. G.P.O.,
|d [1999]
|e 1 microfiche : negative.
|7 s1999 dcun b
|
| 530 |
|
|
|a Also available via Internet from the GPO Access web site. Address as of 02/05/02: http://frwebgate.access.gpo.gov/cgi-bin/getdoc.cgi?dbname=gao&docid=f:ns99112t.pdf; current access is available via PURL.
|
| 500 |
|
|
|a Microform.
|
| 650 |
|
0 |
|a Terrorism
|x Government policy
|z United States.
|
| 650 |
|
0 |
|a Biological weapons.
|
| 650 |
|
0 |
|a Medical policy
|z United States.
|
| 776 |
1 |
|
|c Original
|w (OCoLC)41226275
|
| 710 |
1 |
|
|a United States.
|b General Accounting Office.
|
| 856 |
4 |
1 |
|u https://purl.fdlp.gov/GPO/LPS17226
|z Adobe Acrobat Reader required
|t 0
|
| 999 |
|
|
|a MARS
|
| 999 |
f |
f |
|i 4c467834-8556-3dc5-a669-82351ead1e8f
|s e9006dc7-2318-3365-aeb8-fb11d9a45dc5
|t 0
|
| 952 |
f |
f |
|p normal
|a Texas A&M University
|b College Station
|c Sterling C. Evans Library
|d Evans: US Documents Microfiche (3rd floor)
|t 0
|e GA 1.5/2:T-NSIAD-99-112
|h Superintendent of Documents classification
|i microform -- microfiche
|m A14824502039
|
| 952 |
f |
f |
|a Texas A&M University
|b College Station
|c Electronic Resources
|d Available Online
|t 0
|e GA 1.5/2:T-NSIAD-99-112
|h Superintendent of Documents classification
|
| 998 |
f |
f |
|a GA 1.5/2:T-NSIAD-99-112
|t 0
|l Available Online
|
| 998 |
f |
f |
|a GA 1.5/2:T-NSIAD-99-112
|t 0
|l Evans: US Documents Microfiche (3rd floor)
|